| 000 | 01659nam a2200481 i 4500 | ||
|---|---|---|---|
| 001 | 31121 | ||
| 003 | KOSZ 005 | ||
| 005 | 20210909111313.0 | ||
| 008 | 970904s1988 pl |000 0 pol | ||
| 015 | _aUWD 1990/7158 | ||
| 035 | _a991002097699705066 | ||
| 035 | _a(PL-WaBN)b10583257-48omnis_nlop | ||
| 035 | _ab10583257 | ||
| 035 | _a(OCoLC)834089015 | ||
| 035 | _a(PL)b0000001058325 | ||
| 035 | _a(EXLNZ-48OMNIS_NETWORK)9910483752605606 | ||
| 040 |
_aWA N _cWA N _dWA N _dKOSZ 005/HR |
||
| 046 | _k1988 | ||
| 080 | _a7.05.01 | ||
| 100 | 1 |
_aMinczewa-Gospodarek, Kamelia _eAutor |
|
| 245 | 1 | 0 |
_aZ teorii przedmiotu użytkowego : _bbarwa jako cecha przedmiotów / _cKamelia Minczewa-Gospodarek ; Instytut Wzornictwa Przemysłowego. |
| 246 | 3 | 0 | _aBarwa jako cecha przedmiotów |
| 260 |
_aWarszawa : _bIWP, _c1988. |
||
| 300 |
_a[2], 19, [1] s ; _c22 cm. |
||
| 336 |
_aTekst _btxt _2rdacontent |
||
| 337 |
_aBez urządzenia pośredniczącego _bn _2rdamedia |
||
| 338 |
_aWolumin _bnc _2rdacarrier |
||
| 380 | _aKsiążki | ||
| 388 | _a1901-2000 | ||
| 388 | _a1945-1989 | ||
| 490 | 1 |
_aBiblioteka Wzornictwa, _x0860-4320 ; _v12 |
|
| 504 | _aBibliogr. s. 18-19. | ||
| 650 | 7 |
_aBarwy _2DBN |
|
| 650 | 7 |
_aWzornictwo przemysłowe _2DBN |
|
| 650 | 7 | _aTeoria | |
| 658 | _aFizyka i astronomia | ||
| 658 | _aKultura i sztuka | ||
| 710 | 2 | _aInstytut Wzornictwa Przemysłowego | |
| 830 | 0 |
_aBiblioteka Wzornictwa _v12 |
|
| 856 |
_uhttp://koha.tu.koszalin.pl/cgi-bin/koha/opac-detail.pl?biblionumber=31121 _yKatalog online BPK |
||
| 942 |
_2UKD _cKS |
||
| 999 |
_c31121 _d31121 |
||